Taylor Swift - Paroles All Too Well 10min Version partie 1 - Statistiques

Statistiques générales
  • Ce quiz a été pris 1 792 fois
    1 677 depuis la dernière actualisation
  • Le résultat moyen est 342 sur 440
Statistiques - réponses
Hint Réponse % Correct
Suite En partie 2
100%
Couplet 1 I
100%
I,
100%
a
98%
the
98%
The
98%
you
98%
You
98%
was
96%
do
95%
it
95%
we
95%
an
94%
to
94%
To
94%
And
93%
and
93%
in
93%
me
93%
there
93%
all
92%
all,
92%
So
92%
your
92%
But
91%
but
91%
like
91%
my
91%
air
90%
cold
90%
door
90%
scarf
90%
too
90%
well
90%
well,
90%
Bridge Well,
90%
at
89%
no
89%
with
89%
got
88%
house
88%
remember
88%
sister's
87%
left
86%
walked
86%
now
85%
still
85%
where
85%
home
84%
through
84%
We're
84%
were
84%
again
83%
'bout
83%
felt
83%
something
83%
about
82%
be
82%
even
82%
on
82%
then
82%
are
80%
car,
80%
car
80%
somehow
80%
"Fuck
78%
it's
78%
it’s
78%
up
78%
Refrain 'Cause
77%
'cause
77%
lost
77%
know
76%
here
75%
patriarchy"
75%
town
75%
drawer
74%
for
74%
love,
74%
when
74%
call
73%
long
73%
not
73%
of
73%
down
72%
down,
72%
Down
72%
gone
72%
Key
72%
I'm
71%
that
71%
ground,
70%
sweet
70%
little
69%
red
69%
Couplet 2 Oh,
68%
never
67%
piece
67%
thinking
67%
what
67%
after
66%
After
66%
always
66%
as
66%
street
66%
say
65%
chain
64%
disposition
64%
future
64%
more
64%
night
64%
past
64%
time
64%
dancing
63%
keys,
63%
light
63%
tossing
63%
lookin'
62%
middle
62%
skipping
62%
this
62%
you've
62%
called
61%
kitchen
61%
gaze
60%
gonna
60%
hair,
60%
over
60%
can
59%
could
59%
getting
59%
stories
59%
team
59%
telling
59%
almost
58%
bed
58%
fine
58%
mother's
58%
nothing
58%
’Til
58%
'til
58%
turning
58%
any
57%
forget
57%
He’s
57%
kid
57%
okay
57%
Wind
57%
just
56%
magic's
56%
picture
56%
singing
56%
told
56%
back
55%
glasses
55%
maybe
55%
Maybe
55%
might
55%
stairs,
55%
swear
55%
used
55%
break
54%
cheeks
54%
enough
54%
translation
54%
asked
53%
else
53%
masterpiece
53%
months
53%
much
53%
promise
53%
same
53%
thing
53%
three
53%
why
53%
falling
52%
grave
52%
kept
52%
needed
52%
come
51%
days
51%
drive
51%
leaves
51%
secret,
51%
being
50%
casually
50%
Check
50%
counter,
50%
cruel
50%
honest
50%
name
50%
place
50%
shame
50%
these
50%
album
49%
Couplet 3 Photo
49%
twin-sized
49%
upstate
49%
Autumn
48%
dead
48%
pieces
48%
ran
48%
into
47%
oath
47%
paper
46%
refrigerator
46%
swearing
46%
pulse
45%
'round
45%
buried
44%
lying
44%
went
44%
had
43%
nobody
43%
reached
41%
tore
41%
Running
40%
scared,
40%
tee-ball
39%
wide-eyed
39%
held
38%
frame
37%
wondered
37%
lifeless
35%
prayer
35%
we’d
31%
yeah
31%
Sacred
26%
crumpled
18%
Aucun quiz correspondant
Distribution des résultats
% des personnes avec chaque résultat
Percentile par nombre de réponses
Votre historique - résultats
Vous n’avez pas pris ce quiz depuis la dernière actualisation